| 000 | 01036cad a22002295a 4500 | ||
|---|---|---|---|
| 001 | L149285 | ||
| 008 | 100217s2010 xxk f 000 0 eng d | ||
| 035 | _a(Sirsi) u149285 | ||
| 041 | 0 | _aeng | |
| 100 | 1 | _aAppleby, Alan | |
| 245 | 0 | 0 |
_aStart at the HIP _h[electronic resource] |
| 260 | _c2010 | ||
| 490 |
_aRICS Residential Property Journal _vJan-Feb 2010, 14-15(2) |
||
| 520 | _aHow the Home Information Packs (HIPs) can be used in the initial review of the property by a valuer, before visiting the property. Using the HIP will uncover some basic facts about water supply, sewage access and the supply of utilities. | ||
| 590 | _aKA | ||
| 650 | 2 | 4 | _aHOME INFORMATION PACK (NO. 2) REGULATIONS 2007 |
| 650 | 2 | 4 | _aHOME INFORMATION PACKS |
| 651 | 4 |
_aEngland and Wales _y1543- |
|
| 690 | _aPROPERTY-RESIDENTIAL PROPERTY-ACQUISITION AND DISPOSAL OF RESIDENTIAL PROPERTY-HOME BUYING REFORM | ||
| 856 | 4 | 0 |
_uhttps://www.rics.org/site/download_feed.aspx?fileID=5567 _zView this item (member-only access) at www.rics.org |
| 942 | _n0 | ||
| 999 |
_c82110 _d82110 |
||